| 000 | 01002nam a2200229 a 4500 | ||
|---|---|---|---|
| 005 | 20140310183404.0 | ||
| 008 | 121120s19uu xx 00 eng d | ||
| 020 | _a9781845903954 | ||
| 050 |
_aLB 1555 _b.B44 2010 |
||
| 100 | _aBeere, Jackie | ||
| 245 |
_aThe primary learner's toolkit / _cJackie Beere ; edited by, Ian Gilbert. |
||
| 260 |
_aWales, Uk : _bCrown House Pub, _c2010. |
||
| 300 |
_aix, 204 p. : _bill. ; _c28 cm. |
||
| 500 | _aIncludes index and 1 CD | ||
| 520 | _aSuitable for Primary Teachers, this title contains what you need to create truly independent learners, confident and resilient in their ability to learn and learn well. It also includes lessons plans and teachers notes and a CD-ROM in the back of the book that has all the student forms and worksheets necessary for the lessons | ||
| 521 | _aEDU | ||
| 650 | _aElementary school teaching | ||
| 650 | _aLearning, Psychology of | ||
| 650 | _aMoral education (Elementary) | ||
| 942 |
_cBK _2lcc _kFOR |
||
| 999 |
_c22378 _d22378 |
||